|
|
|
|
| LEADER |
01113nam a22002657a 4500 |
| 001 |
33316 |
| 003 |
BD-DhAAL |
| 005 |
20250625110716.0 |
| 008 |
180711t2007 ii ||||| |||| 000 0deng d |
| 020 |
|
|
|a 9788172236793
|
| 040 |
|
|
|a BD-DhAAL
|d BD-DhAAL
|
| 082 |
|
|
|a 813.54
|2 23
|
| 100 |
|
|
|a Chopra, Deepak.
|9 26925
|
| 245 |
|
|
|a Buddha :
|b a story of enlightenment /
|c Deepak Chopra.
|
| 260 |
|
|
|a New Delhi :
|b HarperCollins Publishers India, a joint venture with the India Today Group,
|c c2007.
|
| 300 |
|
|
|a vi, 278 pages ;
|c 22 cm.
|
| 500 |
|
|
|a A novel.
|
| 526 |
|
|
|a ARC
|
| 541 |
|
|
|a Department of Architecture
|e 33316
|
| 600 |
|
|
|a Gautama Buddha
|v Fiction.
|9 26926
|
| 600 |
|
|
|a Gautama Buddha.
|9 26927
|
| 852 |
|
|
|a Department of Architecture
|c General Stacks
|
| 942 |
|
|
|2 ddc
|c BK
|
| 999 |
|
|
|c 39676
|d 39676
|
| 952 |
|
|
|0 0
|1 1
|2 ddc
|4 0
|6 813_540000000000000_CHO
|7 0
|9 63717
|a ARC
|b ARC
|c GEN
|d 2018-07-11
|e Department of Architecture
|l 0
|o 813.54 CHO
|p 3010033316
|r 2018-07-11
|t 1
|w 2018-07-11
|y BK
|x lost from the ARC department library and approved by the Dean (reasons personal books withdrawn by Hasibul Kabir Sir and Building shifting)
|